Theology and authority : (Record no. 12997)
[ view plain ]
| 000 -LEADER | |
|---|---|
| fixed length control field | 01458nam a2200205 a 4500 |
| 003 - CONTROL NUMBER IDENTIFIER | |
| control field | PILC |
| 005 - DATE AND TIME OF LATEST TRANSACTION | |
| control field | 20250530114845.0 |
| 008 - FIXED-LENGTH DATA ELEMENTS--GENERAL INFORMATION | |
| fixed length control field | 060503s1987 xx 00 eng d |
| 010 ## - LIBRARY OF CONGRESS CONTROL NUMBER | |
| LC control number | Acc#31024 |
| 020 ## - INTERNATIONAL STANDARD BOOK NUMBER | |
| International Standard Book Number | 0913573779 |
| 040 ## - CATALOGING SOURCE | |
| Transcribing agency | Philippine Baptist Theological Seminary |
| 050 ## - LIBRARY OF CONGRESS CALL NUMBER | |
| Classification number | BT 88 |
| Item number | T34 1987 |
| 245 10 - TITLE STATEMENT | |
| Title | Theology and authority : |
| Remainder of title | maintaining a tradition of tension / |
| Statement of responsibility, etc. | edited by Richard Penaskovic. |
| 264 ## - PRODUCTION, PUBLICATION, DISTRIBUTION, MANUFACTURE, AND COPYRIGHT NOTICE | |
| Place of production, publication, distribution, manufacture | Peabody, MA : |
| Name of producer, publisher, distributor, manufacturer | Hendrickson Publishers, |
| Date of production, publication, distribution, manufacture, or copyright notice | ©1987. |
| 300 ## - PHYSICAL DESCRIPTION | |
| Extent | xvi, 130 p. ; 22 cm. |
| 500 ## - GENERAL NOTE | |
| General note | Includes bibliographical references |
| 505 ## - FORMATTED CONTENTS NOTE | |
| Formatted contents note | About the contributors --<br/>Foreword: theology and authority --<br/>Acknowledgements --<br/>Introduction: every context includes a context --<br/><br/>Part 1 --<br/>1. Authority: the New Testament and first-century Judaism in cultural perspective --<br/>2. Jesus and the language of authority --<br/>3. Power or powerlessness: the vision Francis of Assisi --<br/>4. Re-thinking authority: imaginative options and the modernist controversy --<br/>5. The contemporary theologian: teacher, prophet, doctor --<br/><br/>Part 2 --<br/>6. Theology and authority: a cross-cultural analysis of theological scripts --<br/>7. Theology, hierarchy, and power --<br/>8. Episcopal teaching authority on matters of war and economics --<br/>9. Stages of authority: Kung vs. the Vatican in Fowler's categories --<br/>10. Theology and authority: the theological issues |
| 650 ## - SUBJECT ADDED ENTRY--TOPICAL TERM | |
| Topical term or geographic name as entry element | AUTHORITY |
| General subdivision | RELIGION ASPECTS |
| -- | CHRISTIANITY |
| 942 ## - ADDED ENTRY ELEMENTS (KOHA) | |
| Koha item type | Circulation Books |
| Source of classification or shelving scheme | Library of Congress Classification |
| Withdrawn status | Lost status | Source of classification or shelving scheme | Damaged status | Not for loan | Home library | Current library | Shelving location | Date acquired | Total Checkouts | Full call number | Barcode | Date last seen | Price effective from | Koha item type |
|---|---|---|---|---|---|---|---|---|---|---|---|---|---|---|
| Dewey Decimal Classification | PBTS Library | PBTS Library | Circulation Section | 05/03/2006 | BT 88 T34 1987 | 31024 | 03/17/2026 | 04/02/2015 | Circulation Books |